000 03835cam a2200637 i 4500
999 _c113390
_d113390
003 BJBSDDR
005 20230411090604.0
007 ta
008 191010t20162016dcuacf b 001 0deng d
020 _a9781621573470
020 _a1621573478
035 _a(OCoLC)ocn953345054
040 _aFMG
_beng
_cFMG
041 _aspa
042 _alccopycat
043 _an-us---
050 0 0 _a002 E 887
_bC641D 2016
082 0 0 _a327.730092
_223
082 0 0 _a973.929092
_a[B]
_223
100 1 _aD'Souza, Dinesh,
_d1961-
_eautor.
245 1 0 _aHillary's America :
_bthe secret history of the Democratic Party /
_cDinesh D'Souza.
264 1 _aWashington, DC :
_bRegnery Publishing, a division of Salem Media Group,
_c[2016]
264 4 _c©2016
300 _a294 pages, 16 unnumbered pages of plates :
_billustrations (some color), portraits (some color) ;
_c24 cm
336 _atext
_btxt
_2rdacontent
337 _aunmediated
_bn
_2rdamedia
338 _avolume
_bnc
_2rdacarrier
504 _aIncludes bibliographical references and index.
505 0 _aThe Hillary enigma -- The land stealer -- Party of slavery -- Segregation now, segregation forever -- The problem of useless people -- Progressivism über alles -- The education of a mafiosa -- The enabler -- Partners in crime -- Republicans to the rescue.
520 _aDinesh D'Souza has a warning: We are on the brink of losing our country forever. After eight years of Obama, four years -- or possibly eight years -- of Hillary Clinton as president of the United States would so utterly transform America as to make it unrecognizable. No more will America be a land of opportunity. Instead, it will be a land of rapacious crony capitalism, run solely for the benefit of friends of the Obamas and the Clintons and the Democratic Party. It will, in fact, be the fulfillment of a dream the Democratic Party has had from the beginning... a dream of stealing America for the politically favored few. D'Souza presents the sordid truth about Hillary and the secret history of the Democratic Party, including how Democrats transitioned from pro-slavery to pro-enslavement; the long-standing Democratic political war against women; how Hillary Clinton's political mentor was, literally, a cold-blooded gangster; how the Clintons and other Democrats see foreign policy not in terms of national interest, but in terms of personal profit; how Democratically controlled cities have turned into hotbeds of crime and corruption; and much, much more.
600 1 4 _aClinton, Hillary Rodham
_d1947-
600 1 7 _aClinton, Hillary Rodham.
600 1 7 _aClinton, Hillary Rodham.
_2fast
_0(OCoLC)fst00316468
600 1 7 _aClinton, Hillary Rodham.
_2sears
610 2 0 _aDemocratic Party (U.S.)
610 2 7 _aDemocratic Party (U.S.)
_2fast
_0(OCoLC)fst00532710
610 2 7 _aDemocratic Party (U.S.).
_2sears
648 7 _a2016
_2fast
650 0 _aWomen presidential candidates
_zUnited States.
650 0 _aPresidential candidates
_zUnited States.
650 0 _aPolitical corruption
_zUnited States.
650 0 _aPresidents
_zUnited States
_xElection
_y2016.
650 7 _aPresidents
_zUnited States
_xElection
_y2016.
650 7 _aPolitical corruption
_2fast
_0(OCoLC)fst01069240
650 7 _aPresidential candidates.
_2fast
_0(OCoLC)fst01075708
650 7 _aPresidents
_xElection.
_2fast
_0(OCoLC)fst01075747
650 7 _aWomen presidential candidates.
_2fast
_0(OCoLC)fst01178389
650 7 _aPresidents
_zUnited States
_xElection
_y2016.
_2sears
650 4 _aCorrupción Política
_zEstados Unidos
_9159
650 0 _aMujeres en la política
_98794
651 7 _aUnited States.
_2fast
_0(OCoLC)fst01204155
906 _a7
_bcbc
_ccopycat
_d2
_encip
_f20
_gy-gencatlg
942 _2lcc
_cBK
946 _iLYD